Central Library OPAC University of Rajshahi

Concerning architecture ; (Record no. 16695)

MARC details
000 -LEADER
fixed length control field 00980nam a2200265 a 4500
001 - CONTROL NUMBER
control field 16695
003 - CONTROL NUMBER IDENTIFIER
rucl marc code BD-RjUL
005 - DATE AND TIME OF LATEST TRANSACTION
control field 20211209000036.0
008 - FIXED-LENGTH DATA ELEMENTS--GENERAL INFORMATION
fixed length control field 140215s1968 enkaeh b 000 0 eng d
035 ## - SYSTEM CONTROL NUMBER
System control number (BD-RjUL)16750
040 ## - CATALOGING SOURCE
Original cataloging agency DLC
Transcribing agency DLC
Modifying agency m.c.
-- BD-RjUL
Language of cataloging eng
041 ## - LANGUAGE CODE
Language code of text/sound track or separate title eng
082 ## - DEWEY DECIMAL CLASSIFICATION NUMBER
Classification number 720.8
Author mark and year CON 1968
245 00 - TITLE STATEMENT
Title Concerning architecture ;
Remainder of title essays on architectural writers and writing presented to Nikolaus Pevsner /
Statement of responsibility, etc. edited by John Summerson
260 ## - PUBLICATION, DISTRIBUTION, ETC. (IMPRINT)
Place of publication, distribution, etc. London :
Name of publisher, distributor, etc. Allen Lane,
Date of publication, distribution, etc. 1968
300 ## - PHYSICAL DESCRIPTION
Pagination xii, 316 p. :
Illustrations ill. ;
Size 28 cm
504 ## - BIBLIOGRAPHY, ETC. NOTE
Bibliography, etc "A select bibliography of the publications of Nikolaus Pevsner, by John Barr." Bibliographical footnotes
650 #0 - SUBJECT ADDED ENTRY--TOPICAL TERM
Topical term or geographic name as entry element Architecture
9 (RLIN) 51567
700 1# - ADDED ENTRY--PERSONAL NAME
Personal name Pevsner, Nikolaus,
Dates associated with a name 1902-1983.
Personal name Summerson, John,
Dates associated with a name 1904-1992
774 0# - CONSTITUENT UNIT ENTRY
Main entry heading Colvin, Howard Montagu
Title Aubrey's Chronologia architectonica
Record control number (UkOxU)015303275
942 ## - ADDED ENTRY ELEMENTS (KOHA)
Source of classification or shelving scheme Dewey Decimal Classification
Koha item type Books
Holdings
Lost status Source of classification or shelving scheme Damaged status Not for loan Collection code Permanent Location Current Location Shelving location Date acquired Source of acquisition Cost, normal purchase price Total Checkouts Full call number Date last seen Copy number Koha item type
  Dewey Decimal Classification   Not For Loan Non-fiction Central Library, University of Rajshahi Central Library, University of Rajshahi Reading Room 06/06/1973 Book Center 138.60   720.8 CON 1968 15/02/2014 C-1 Books